Más de 90 lecciones para elevar tu autoestima (Registro nro. 11629)
[ vista simple ]
| 000 -CABECERA | |
|---|---|
| campo de control de longitud fija | 00641nam a22002297a 4500 |
| 005 - FECHA Y HORA DE ACTUALIZACIÓN | |
| campo de control | 20190215125131.0 |
| 008 - LONGITUD FIJA | |
| campo de control de longitud fija | 190215b xxu||||| |||| 00| 0 spa d |
| 020 ## - INTERNATIONAL STANDARD BOOK NUMBER | |
| Número Internacional Estándar del Libro | 9789972085475 |
| 041 ## - IDIOMA | |
| Código de idioma del texto/pista de sonido o título separado | |
| 082 ## - CLASIFICACIÓN DECIMAL DEWEY | |
| Número de clasificación | 152.4 M394m |
| 245 ## - TÍTULO PROPIAMENTE DICHO | |
| Título | Más de 90 lecciones para elevar tu autoestima |
| 260 ## - PIE DE IMPRENTA | |
| Lugar de publicación, distribución, etc. | Perú |
| 260 ## - PIE DE IMPRENTA | |
| Nombre del editor, distribuidor, etc. | Corporación Editora Chirre |
| 260 ## - PIE DE IMPRENTA | |
| Fecha de publicación, distribución, etc. | 2011 |
| 300 ## - DESCRIPCIÓN FÍSICA | |
| Extensión | 127 páginas |
| 650 ## - Materia General | |
| Materia general | AUTOESTIMA |
| 650 ## - Materia General | |
| Materia general | AUTOESTIMA DE LA NIÑEZ |
| 650 ## - Materia General | |
| Materia general | AUTOESTIMA DE LA ADOLESCENCIA |
| 650 ## - Materia General | |
| Materia general | AUTOESTIMA DEL ADULTO |
| 650 ## - Materia General | |
| Materia general | AUTOESTIMA DEL ADULTO MAYOR |
| 942 ## - Punto de Acceso Adicional Koha | |
| Tipo de ítem Koha | Libro |
| Estado perdido | Estado dañado | No para préstamo | Biblioteca permanente | Biblioteca actual | Signatura completa | Código de barras | Precio efectivo a partir del | Tipo de ítem |
|---|---|---|---|---|---|---|---|---|
| Departamento de Biblioteca y Documentación Alfonso Chase Brenes | Departamento de Biblioteca y Documentación Alfonso Chase Brenes | 152.4 M394m | 17213 | 15/02/2019 | Libro | |||
| Departamento de Biblioteca y Documentación Alfonso Chase Brenes | Departamento de Biblioteca y Documentación Alfonso Chase Brenes | 152.4 M394m | 16975 | 19/02/2019 | Libro |